Guess the artist by real name - Statistics

General Stats
  • This quiz has been taken 23 times
  • The average score is 5 of 15
Answer Stats
Hint Answer % Correct
Aubrey Graham Drake
80%
Shawn Carter Jay Z
80%
Dwayne Carter Jr Lil Wayne
55%
Abel Tesfaye The Weeknd
55%
Jermaine Cole J Cole
45%
Cornell Hayes Jr Nelly
35%
Nayvadius Cash Future
20%
Taurus Bartlett Polo G
20%
Bashar Jackson Pop Smoke
20%
Rodrick Moore Jr Roddy Ricch
20%
Cameron Thomaz Wiz Khalifa
20%
Artist Dubose A Boogie Wit Da Hoodie
15%
Lathan Echols Lil Mosey
15%
Jacques Webster II Travis Scott
15%
Tyrone Griffin Jr Ty Dolla $ign
15%
No matching quizzes found
Score Distribution
Percent of People with Each Score
Percentile by Number Answered
Your Score History
You have not taken this quiz